Kraje najbliższe Arubie - Statystyki

Ogólne statystyki
  • Ten quiz został rozwiązany 93 razy
  • Średni wynik to 15 z 20
Statystyki odpowiedzi
km kraj % Poprawnych
969 Dominika
92%
27 Wenezuela
88%
943 Kuba
87%
574 Dominikana
86%
883 Jamajka
86%
1166 Gujana
84%
907 Panama
82%
125 Kolumbia
81%
629 Haiti
79%
905 Trynidad i Tobago
79%
965 Saint Lucia
74%
913 Saint Vincent i Grenadyny
74%
1064 Brazylia
73%
1114 Barbados
71%
986 Bahamy
70%
931 Saint Kitts i Nevis
69%
998 Antigua i Barbuda
66%
879 Grenada
58%
77 Curaçao
40%
954 Sint Maarten
16%
Nie znaleziono quizów pasujących do podanych kryteriów
Rozkład punktacji
Procent ludzi z każdym wynikiem
Percentyl według liczby udzielonych odpowiedzi
Twoja historia wyników
Nie rozwiązałeś tego quizu